| 000 | 00372nam a2200145Ia 4500 | ||
|---|---|---|---|
| 008 | 230312s9999||||xx |||||||||||||| ||und|| | ||
| 020 | _a1-57990-548-4 | ||
| 082 |
_a778.92 _bCLE-P |
||
| 100 | _aCleghorn;Mark | ||
| 245 | 0 | _aPortrait Photography Secrets of posing & Lighting | |
| 260 |
_bCleghorn;Mark _aUK _c2004 |
||
| 300 | _a127 | ||
| 650 | _aArchitecture | ||
| 942 | _cBK | ||
| 999 |
_c12120 _d12120 |
||